What's in a name: The role of terminology in defining real estate management practice (Record no. 104946)
[ view plain ]
| 000 -LEADER | |
|---|---|
| fixed length control field | 02061cam a2200181 4500 |
| 001 - CONTROL NUMBER | |
| control field | ##L131985 |
| 008 - FIXED-LENGTH DATA ELEMENTS--GENERAL INFORMATION | |
| fixed length control field | 051220n1996 000 0 eng u |
| 035 ## - SYSTEM CONTROL NUMBER | |
| System control number | (Sirsi) u131985 |
| 041 0# - LANGUAGE CODE | |
| Language code of text/sound track or separate title | eng |
| 100 1# - MAIN ENTRY--PERSONAL NAME | |
| Personal name | Avis, Martin |
| 100 1# - MAIN ENTRY--PERSONAL NAME | |
| Personal name | Gibson, Virginia A. |
| 245 00 - TITLE STATEMENT | |
| Title | What's in a name: The role of terminology in defining real estate management practice |
| 260 ## - PUBLICATION, DISTRIBUTION, ETC. | |
| Place of publication, distribution, etc. | London |
| Name of publisher, distributor, etc. | RICS |
| Date of publication, distribution, etc. | 1996 |
| 520 ## - SUMMARY, ETC. | |
| Summary, etc. | Operational property management, corporate property management, real estate resource management, facilitates management, and workspace management are just a few of the terms emerging to describe a new and developing area of real estate practice and research. It appears that the names are changing or shifting for a variety of reasons. The first is the desire to find terminology which does not carry the "baggage" of past practice. This area is attempting to be aligned with business management practice rather than what is perceived to be traditional property focused practice and therefore the new terminology attempts to reflect this. The second main reason is the changing players in this market. The emergence of facilities management, the globalisation of practice and the increasing need to link real estate with other resources especially human resource management and IT have brought a new group of players into the market and the development of associated professional bodies (BIFM) and interest groups.(NACORE, IDRC). The aim of this paper is to consider the changes in the terminology used in this area and to assess whether practice has also changed as the names have changed. The paper will be mainly based on two studies undertaken ( Avis et al 1989, Avis and Gibson 1995) examining the changing terms used by those in practice and their perceived impact. The paper will also consider whether the terminology has been important in influencing key decision makers and the degree to which new terms allow real estate to be considered in a new light. |
| 520 ## - SUMMARY, ETC. | |
| Summary, etc. | This item is no longer available. |
| 690 ## - LOCAL SUBJECT ADDED ENTRY--TOPICAL TERM (OCLC, RLIN) | |
| Topical term or geographic name as entry element | MANAGEMENT |
| 942 ## - ADDED ENTRY ELEMENTS (KOHA) | |
| Suppress in OPAC | 0 |
| Withdrawn status | Lost status | Source of classification or shelving scheme | Damaged status | Not for loan | Home library | Current library | Shelving location | Date acquired | Total Checkouts | Full call number | Barcode | Date last seen | Copy number | Price effective from | Koha item type |
|---|---|---|---|---|---|---|---|---|---|---|---|---|---|---|---|
| Dewey Decimal Classification | Virtual | Virtual | Online | 20/12/2005 | ONLINE PUBLICATION | 131985-1001 | 06/08/2019 | 1 | 06/08/2019 | Book |